000 00311nam a22001337a 4500
020 _qHB.
040 _cFIZZA ISHAQ
082 _a006.5
_bNIT
100 _aRAJPUT, NITENDRA.
_989168
245 _aSPEECH IN MOBILE /
_cRAJPUT NITENDRA.
260 _aNEW DEHLI ;
_c2012.
300 _a283 P. ;
942 _2ddc
_cBK
999 _c587988
_d587988